书目信息 |
| 题名: |
弹性与塑性理论基础
|
|
| 作者: | 秦飞 , 吴斌 编著 | |
| 分册: | ||
| 出版信息: | 北京 科学出版社 2011.8 |
|
| 页数: | 247页 | |
| 开本: | 26cm | |
| 丛书名: | ||
| 单 册: | ||
| 中图分类: | O343 , O344 | |
| 科图分类: | ||
| 主题词: | 弹性理论--研究生--教材 , 塑性理论--研究生--教材 | |
| 电子资源: | ||
| ISBN: | 978-7-03-032203-6 | |
| 000 | 01102nam0 2200277 450 | |
| 001 | 0400001726 | |
| 005 | 20171019143442.0 | |
| 010 | @a978-7-03-032203-6@dCNY36.00 | |
| 100 | @a20111010e20172011em y0chiy0110 ea | |
| 101 | 0 | @achi |
| 102 | @aCN@b110000 | |
| 105 | @ay z 000yy | |
| 106 | @ar | |
| 200 | 1 | @a弹性与塑性理论基础@9tan xing yu su xing li lun ji chu@f秦飞,吴斌编著 |
| 210 | @a北京@c科学出版社@d2011.8@h2017.5 | |
| 215 | @a247页@d26cm | |
| 300 | @a北京工业大学研究生创新教育系列教材 | |
| 330 | @a本书分为预备知识、弹性理论基础和塑性理论基础三部分。预备知识主要讲解指标符号与张量分析基础;弹性理论基础部分包括应力理论、应变理论、弹性应力一应变关系、弹性方学问题的微分提法与解法、平面问题、能量原理和微分方程近似计算的基本原理;塑性理论基础部分包括塑性力学基本概念、屈服准则与硬化法则、弹塑性应力一应变关系和简单弹塑性问题。 | |
| 606 | 0 | @a弹性理论@x研究生@j教材 |
| 606 | 0 | @a塑性理论@x研究生@j教材 |
| 690 | @aO343@v4 | |
| 690 | @aO344@v4 | |
| 701 | 0 | @a秦飞@9qin fei@4编著 |
| 701 | 0 | @a吴斌@9wu bin@4编著 |
| 801 | 0 | @aCN@b91MARC@c20171019 |
| 905 | @b1030396-400@dO343@f5@e38 | |
| 弹性与塑性理论基础/秦飞,吴斌编著.-北京:科学出版社,2011.8(2017.5) |
| 247页;26cm |
| 北京工业大学研究生创新教育系列教材 |
| ISBN 978-7-03-032203-6:CNY36.00 |
| 本书分为预备知识、弹性理论基础和塑性理论基础三部分。预备知识主要讲解指标符号与张量分析基础;弹性理论基础部分包括应力理论、应变理论、弹性应力一应变关系、弹性方学问题的微分提法与解法、平面问题、能量原理和微分方程近似计算的基本原理;塑性理论基础部分包括塑性力学基本概念、屈服准则与硬化法则、弹塑性应力一应变关系和简单弹塑性问题。 |
| ● |
| 相关链接 |
|
|
|
|
正题名:弹性与塑性理论基础
索取号:O343/38
 
预约/预借
| 序号 | 登录号 | 条形码 | 馆藏地/架位号 | 状态 | 备注 |
| 1 | 1030396 | 210303964 | 第二样本阅览室/ [索取号:O343/38] | 在馆 | |
| 2 | 1030397 | 210303973 | 密集书库-数信学院/ [索取号:O343/38] | 在馆 | |
| 3 | 1030398 | 210303982 | 第三借阅区/ [索取号:O343/38] | 在馆 | |
| 4 | 1030399 | 210303991 | 第三借阅区/ [索取号:O343/38] | 在馆 | |
| 5 | 1030400 | 210304008 | 第三借阅区/ [索取号:O343/38] | 在馆 |